[Event "36. Open Villa de Benasque 2016 "]
[Site "Benasque ESP"]
[Date "2016.07.15"]
[Round "9.7"]
[White "Cori T., Deysi"]
[Black "Baklan, Vladimir"]
[Result "0-1"]
[WhiteElo "2435"]
[BlackElo "2618"]
[PlyCount "86"]
[EventDate "2016.07.07"]
[EventType "swiss"]
[EventRounds "10"]
[EventCountry "ESP"]
[SourceTitle "Ajedrez en Madrid"]
[Source "lmi"]
[SourceDate "2016.07.07"]

1. d4 Nf6 2. Nf3 e6 3. e3 c5 4. c4 cxd4 5. exd4 Bb4+ 6. Nc3 O-O 7. Bd3 b6 8.
O-O Bb7 9. Bg5 h6 10. Bh4 Bxc3 11. bxc3 d6 12. Nd2 Nbd7 13. Ne4 Bxe4 14. Bxe4
Rc8 15. Bd3 Qc7 16. Rc1 Rfe8 17. Re1 e5 18. Bf5 Rb8 19. Qd3 Qc6 20. Re3 exd4
21. cxd4 Rxe3 22. fxe3 Re8 23. Rf1 d5 24. Bxd7 Nxd7 25. Qf5 Qe6 26. Qxd5 Qxe3+
27. Bf2 Nf6 28. Bxe3 Nxd5 29. Bd2 Nf6 30. Bxh6 Rc8 31. c5 bxc5 32. dxc5 Rxc5
33. Be3 Ra5 34. Bd4 Ne4 35. Re1 f5 36. g4 Ng5 37. Re8+ Kf7 38. Rd8 Ke7 39. Bc3
Nf3+ 40. Kf1 Rxa2 41. Rg8 fxg4 42. Rxg7+ Ke6 43. Rg6+ Kf5 0-1

[Event "36. Open Villa de Benasque 2016 "]
[Site "Benasque ESP"]
[Date "2016.07.15"]
[Round "9.8"]
[White "Mullon, Jean-Baptiste"]
[Black "Gopal, G.N.."]
[Result "0-1"]
[WhiteElo "2405"]
[BlackElo "2565"]
[PlyCount "64"]
[EventDate "2016.07.07"]
[EventType "swiss"]
[EventRounds "10"]
[EventCountry "ESP"]
[SourceTitle "Ajedrez en Madrid"]
[Source "lmi"]
[SourceDate "2016.07.07"]

1. e4 c5 2. Nf3 d6 3. d4 cxd4 4. Nxd4 Nf6 5. Nc3 a6 6. Qf3 g6 7. h3 Bg7 8. Bg5
Bd7 9. O-O-O Nc6 10. g4 O-O 11. Nb3 Rc8 12. Qe3 Na5 13. Kb1 b5 14. e5 Nxb3 15.
exf6 exf6 16. Bf4 Re8 17. Qg3 Nc5 18. Bg2 f5 19. Bxd6 Na4 20. Nxa4 bxa4 21.
Rhe1 Qb6 22. Ba3 Be6 23. Bf1 Rb8 24. b3 a5 25. Rd6 Qa7 26. Ra6 Qd4 27. c3 Qxc3
28. Qxc3 Bxc3 29. Rc1 Bd4 30. Bb2 Bxb2 31. Kxb2 axb3 32. a4 Red8 0-1

[Event "36. Open Villa de Benasque 2016 "]
[Site "Benasque ESP"]
[Date "2016.07.15"]
[Round "9.9"]
[White "Alvarado Diaz, Alejandro"]
[Black "Sulskis, Sarunas"]
[Result "1-0"]
[WhiteElo "2421"]
[BlackElo "2525"]
[PlyCount "113"]
[EventDate "2016.07.07"]
[EventType "swiss"]
[EventRounds "10"]
[EventCountry "ESP"]
[SourceTitle "Ajedrez en Madrid"]
[Source "lmi"]
[SourceDate "2016.07.07"]

1. Nf3 d5 2. c4 d4 3. g3 Nc6 4. Bg2 e5 5. O-O a5 6. d3 Bc5 7. Na3 Nf6 8. Bg5
O-O 9. Nd2 Be7 10. Bxf6 Bxf6 11. Nc2 g6 12. a3 Bg7 13. b4 f5 14. b5 Ne7 15. Nb3
Kh8 16. Qd2 c6 17. bxc6 Nxc6 18. Rab1 Qe7 19. Nc1 e4 20. Rb5 e3 21. fxe3 dxe3
22. Qe1 g5 23. Nb3 f4 24. Nxa5 Nxa5 25. Rxa5 Rxa5 26. Qxa5 Bg4 27. Qe1 b5 28.
h3 Bh5 29. g4 Bg6 30. Qb4 Qxb4 31. Nxb4 bxc4 32. dxc4 Rc8 33. Bd5 Rc7 34. a4
Bf8 35. Nc6 Be8 36. Nd4 Bxa4 37. Ne6 Rc8 38. Nxg5 Be7 39. Ne6 Bd6 40. Nxf4 Bd1
41. Rxd1 Bxf4 42. Kg2 Bg5 43. Rf1 Rc7 44. Rf8+ Kg7 45. Rg8+ Kh6 46. Ra8 Kg7 47.
Kg3 Be7 48. h4 h6 49. Rg8+ Kh7 50. g5 hxg5 51. hxg5 Rc5 52. g6+ Kh6 53. Kg4 Bf6
54. Kf5 Bd4 55. Re8 Ra5 56. Re4 Ba1 57. Rxe3 1-0

[Event "36. Open Villa de Benasque 2016 "]
[Site "Benasque ESP"]
[Date "2016.07.15"]
[Round "9.10"]
[White "Riff, Jean-Noel"]
[Black "Neelotpal, Das"]
[Result "1/2-1/2"]
[WhiteElo "2494"]
[BlackElo "2467"]
[PlyCount "41"]
[EventDate "2016.07.07"]
[EventType "swiss"]
[EventRounds "10"]
[EventCountry "ESP"]
[SourceTitle "Ajedrez en Madrid"]
[Source "lmi"]
[SourceDate "2016.07.07"]

1. e4 e5 2. Nf3 Nc6 3. Bb5 a6 4. Ba4 Nf6 5. d3 b5 6. Bb3 Bc5 7. Nc3 h6 8. Nd5
d6 9. c3 Rb8 10. Be3 Bxe3 11. Nxe3 Be6 12. Nh4 O-O 13. Qf3 Ne7 14. Nhf5 Nxf5
15. exf5 Bc8 16. O-O Bb7 17. Qh3 d5 18. d4 exd4 19. cxd4 Qd6 20. Rac1 c6 21.
Qg3 1/2-1/2

[Event "36. Open Villa de Benasque 2016 "]
[Site "Benasque ESP"]
[Date "2016.07.16"]
[Round "10.1"]
[White "Sasikiran, Krishnan"]
[Black "Burmakin, Vladimir"]
[Result "1-0"]
[WhiteElo "2639"]
[BlackElo "2549"]
[PlyCount "85"]
[EventDate "2016.07.07"]
[EventType "swiss"]
[EventRounds "10"]
[EventCountry "ESP"]
[SourceTitle "Ajedrez en Madrid"]
[Source "lmi"]
[SourceDate "2016.07.07"]

1. Nf3 d5 2. g3 c6 3. Bg2 Bf5 4. d3 e6 5. O-O Nf6 6. Nbd2 Be7 7. b3 h6 8. Bb2
O-O 9. Re1 Bh7 10. e4 a5 11. a3 Na6 12. Qe2 Nc5 13. Rad1 Nfd7 14. Nf1 Bf6 15.
e5 Be7 16. Ne3 Re8 17. Nd2 Nf8 18. f4 Ncd7 19. Kh1 Qb6 20. a4 Qc7 21. d4 Qb6
22. Nf3 c5 23. Ba1 Be4 24. Nh4 Bxg2+ 25. Nexg2 cxd4 26. Bxd4 Bc5 27. Bb2 Rac8
28. f5 exf5 29. Nxf5 d4 30. Qg4 Qg6 31. Qxg6 Nxg6 32. Nd6 Bxd6 33. exd6 Re6 34.
Bxd4 Rxc2 35. Ne3 Rc6 36. Nf5 Rc2 37. Bxg7 h5 38. Bd4 Ree2 39. Rxe2 Rxe2 40.
Rc1 Nge5 41. Rc8+ Kh7 42. Re8 f6 43. Bxe5 1-0

[Event "36. Open Villa de Benasque 2016 "]
[Site "Benasque ESP"]
[Date "2016.07.16"]
[Round "10.2"]
[White "Iturrizaga Bonelli, Eduardo"]
[Black "Baryshpolets, Andrey"]
[Result "1/2-1/2"]
[WhiteElo "2624"]
[BlackElo "2551"]
[PlyCount "32"]
[EventDate "2016.07.07"]
[EventType "swiss"]
[EventRounds "10"]
[EventCountry "ESP"]
[SourceTitle "Ajedrez en Madrid"]
[Source "lmi"]
[SourceDate "2016.07.07"]

1. b3 e5 2. Bb2 Nc6 3. c4 g6 4. g3 Bg7 5. Bg2 Nge7 6. Nc3 d6 7. d3 O-O 8. e3
Be6 9. Nd5 Qd7 10. Ne2 Nd8 11. h3 f5 12. f4 c6 13. Ndc3 Bf7 14. Qd2 Ne6 15. O-O
h6 16. Rad1 Rad8 1/2-1/2

[Event "36. Open Villa de Benasque 2016 "]
[Site "Benasque ESP"]
[Date "2016.07.16"]
[Round "10.3"]
[White "Cordova, Emilio"]
[Black "Kuzubov, Yuriy"]
[Result "1/2-1/2"]
[WhiteElo "2620"]
[BlackElo "2635"]
[PlyCount "75"]
[EventDate "2016.07.07"]
[EventType "swiss"]
[EventRounds "10"]
[EventCountry "ESP"]
[SourceTitle "Ajedrez en Madrid"]
[Source "lmi"]
[SourceDate "2016.07.07"]

1. Nf3 Nf6 2. g3 d5 3. Bg2 c6 4. O-O Bg4 5. c4 e6 6. d3 Be7 7. Nc3 O-O 8. cxd5
cxd5 9. Qb3 Bxf3 10. Bxf3 Qd7 11. Bf4 Nc6 12. Bg2 Bd6 13. Bg5 Be5 14. Rfc1 h6
15. Bd2 Rac8 16. Be1 Ne8 17. e3 Nd6 18. d4 Bf6 19. Bh3 Qe7 20. Qd1 Rc7 21. Bf1
Rfc8 22. Rab1 Qd8 23. Na4 Nb8 24. Nc5 b6 25. Na6 Nxa6 26. Bxa6 Rxc1 27. Rxc1
Rxc1 28. Qxc1 Qd7 29. b3 Bd8 30. a4 Qc7 31. Qxc7 Bxc7 32. g4 Kf8 33. f3 Ke7 34.
Kg2 Ne8 35. Bd3 Bd6 36. h4 g6 37. Bd2 Nf6 38. Be1 1/2-1/2

[Event "36. Open Villa de Benasque 2016 "]
[Site "Benasque ESP"]
[Date "2016.07.16"]
[Round "10.4"]
[White "Baklan, Vladimir"]
[Black "Castellanos Rodriguez, Renier"]
[Result "1/2-1/2"]
[WhiteElo "2618"]
[BlackElo "2620"]
[PlyCount "47"]
[EventDate "2016.07.07"]
[EventType "swiss"]
[EventRounds "10"]
[EventCountry "ESP"]
[SourceTitle "Ajedrez en Madrid"]
[Source "lmi"]
[SourceDate "2016.07.07"]

1. e4 c5 2. Nf3 e6 3. Nc3 Nc6 4. d4 cxd4 5. Nxd4 Qc7 6. f4 a6 7. Nxc6 bxc6 8.
Bd3 d5 9. O-O Nf6 10. Qf3 Be7 11. Kh1 O-O 12. Bd2 g6 13. Rae1 Bb7 14. Qh3 dxe4
15. Nxe4 Nxe4 16. Bxe4 Bf6 17. Bc3 Bxc3 18. Qxc3 c5 19. b3 Rac8 20. Bd3 Bd5 21.
Bc4 Rfd8 22. Rd1 Bxc4 23. Qxc4 a5 24. c3 1/2-1/2

[Event "36. Open Villa de Benasque 2016 "]
[Site "Benasque ESP"]
[Date "2016.07.16"]
[Round "10.5"]
[White "Gopal, G.N.."]
[Black "Ubilava, Elizbar"]
[Result "1/2-1/2"]
[WhiteElo "2565"]
[BlackElo "2482"]
[PlyCount "87"]
[EventDate "2016.07.07"]
[EventType "swiss"]
[EventRounds "10"]
[EventCountry "ESP"]
[SourceTitle "Ajedrez en Madrid"]
[Source "lmi"]
[SourceDate "2016.07.07"]

1. e4 d6 2. d4 g6 3. Nc3 Bg7 4. Bg5 Nd7 5. Nf3 c5 6. dxc5 Nxc5 7. e5 f6 8. Be3
fxe5 9. Bxc5 dxc5 10. Bb5+ Bd7 11. Qe2 e4 12. Ng5 Bxc3+ 13. bxc3 a6 14. Qc4 Nh6
15. Bxd7+ Qxd7 16. O-O Qc6 17. Rfd1 Rd8 18. Nxe4 Rxd1+ 19. Rxd1 Nf7 20. Qxc5
Qxc5 21. Nxc5 Nd6 22. Rb1 O-O 23. Rb3 Rc8 24. Nxb7 Nb5 25. g3 Nxc3 26. a3 Nb5
27. a4 Nc3 28. Rb6 Nxa4 29. Rxa6 Nb2 30. Re6 Rxc2 31. Rxe7 Nd3 32. f4 Nf2 33.
Nd6 Nh3+ 34. Kf1 Rf2+ 35. Ke1 Rxh2 36. Ne4 h5 37. Kf1 h4 38. gxh4 Nxf4 39. Nf6+
Kf8 40. Rh7 Nh5 41. Nxh5 Rxh4 42. Rh8+ Ke7 43. Rh7+ Kf8 44. Rh8+ 1/2-1/2

[Event "36. Open Villa de Benasque 2016 "]
[Site "Benasque ESP"]
[Date "2016.07.16"]
[Round "10.6"]
[White "Ardelean, George-Catalin"]
[Black "Batsiashvili, Nino"]
[Result "1/2-1/2"]
[WhiteElo "2493"]
[BlackElo "2466"]
[PlyCount "87"]
[EventDate "2016.07.07"]
[EventType "swiss"]
[EventRounds "10"]
[EventCountry "ESP"]
[SourceTitle "Ajedrez en Madrid"]
[Source "lmi"]
[SourceDate "2016.07.07"]

1. e4 e5 2. Nf3 Nc6 3. Bc4 Nf6 4. d3 Bc5 5. Bb3 h6 6. c3 O-O 7. h3 d5 8. Qe2
Be6 9. Nbd2 a6 10. g4 Qd7 11. Nf1 dxe4 12. dxe4 Rad8 13. Ng3 Qd3 14. Qxd3 Rxd3
15. Ke2 Rd7 16. Bd2 Rfd8 17. Rhd1 Rd6 18. Be1 a5 19. Bxe6 fxe6 20. a4 Nd7 21.
Nd2 Nb6 22. b3 Ne7 23. Ndf1 Ng6 24. Nh5 Nd7 25. f3 Nf6 26. Nxf6+ gxf6 27. Bg3
Kf7 28. Nd2 Rd3 29. Nc4 Rxd1 30. Rxd1 Rxd1 31. Kxd1 b6 32. Nb2 Nf4 33. Bxf4
exf4 34. Nd3 Be3 35. b4 Kg6 36. Ke2 Kg5 37. Kf1 b5 38. bxa5 bxa4 39. a6 a3 40.
Nb4 Kh4 41. Kg2 Bb6 42. Na2 c6 43. Nc1 Ba7 44. Na2 1/2-1/2

[Event "36. Open Villa de Benasque 2016 "]
[Site "Benasque ESP"]
[Date "2016.07.16"]
[Round "10.7"]
[White "Alvarado Diaz, Alejandro"]
[Black "Vera Siguenas, Deivy"]
[Result "0-1"]
[WhiteElo "2421"]
[BlackElo "2492"]
[PlyCount "76"]
[EventDate "2016.07.07"]
[EventType "swiss"]
[EventRounds "10"]
[EventCountry "ESP"]
[SourceTitle "Ajedrez en Madrid"]
[Source "lmi"]
[SourceDate "2016.07.07"]

1. c4 Nf6 2. Nc3 g6 3. Nf3 Bg7 4. g3 O-O 5. Bg2 d6 6. d4 Nc6 7. O-O a6 8. Qd3
Rb8 9. d5 Nb4 10. Qd1 a5 11. a3 Na6 12. e4 e5 13. Ne1 Nd7 14. Nd3 f5 15. b4 Nf6
16. f3 c6 17. Kh1 cxd5 18. cxd5 fxe4 19. fxe4 Bg4 20. Qe1 axb4 21. axb4 Qd7 22.
Rf2 Bh3 23. Be3 Bxg2+ 24. Kxg2 Nc7 25. Ra5 Ra8 26. Rfa2 Rac8 27. Nf2 Na6 28.
Na4 Qf7 29. b5 Nb4 30. Rb2 Ng4 31. Qe2 Nxe3+ 32. Qxe3 Rc2 33. Rxc2 Nxc2 34. Qe2
Nd4 35. Qe1 Qf3+ 36. Kg1 Bh6 37. Nb2 Ne2+ 38. Kf1 Bd2 0-1

[Event "36. Open Villa de Benasque 2016 "]
[Site "Benasque ESP"]
[Date "2016.07.16"]
[Round "10.8"]
[White "Movsziszian, Karen"]
[Black "Danailov, Silvio"]
[Result "1-0"]
[WhiteElo "2485"]
[BlackElo "2448"]
[PlyCount "59"]
[EventDate "2016.07.07"]
[EventType "swiss"]
[EventRounds "10"]
[EventCountry "ESP"]
[SourceTitle "Ajedrez en Madrid"]
[Source "lmi"]
[SourceDate "2016.07.07"]

1. g3 e5 2. Bg2 Nf6 3. d3 d5 4. Nf3 Bd6 5. O-O O-O 6. Nc3 c6 7. e4 h6 8. Nh4
Be6 9. h3 Na6 10. a3 Re8 11. Qf3 Bf8 12. Nf5 b5 13. g4 Nc7 14. Qg3 Bxf5 15.
gxf5 Kh8 16. Bf3 a5 17. Ne2 Nh7 18. Kh1 Ra6 19. Rg1 c5 20. Be3 d4 21. Bd2 a4
22. Rg2 Qd6 23. Rag1 Re7 24. Bh5 Ne8 25. f4 Qf6 26. fxe5 Rxe5 27. Bxf7 Nd6 28.
Be6 Ng5 29. Bxg5 hxg5 30. Qxg5 1-0

[Event "36. Open Villa de Benasque 2016 "]
[Site "Benasque ESP"]
[Date "2016.07.16"]
[Round "10.9"]
[White "Stremavicius, Titas"]
[Black "Sethuraman, S.P.."]
[Result "0-1"]
[WhiteElo "2462"]
[BlackElo "2656"]
[PlyCount "86"]
[EventDate "2016.07.07"]
[EventType "swiss"]
[EventRounds "10"]
[EventCountry "ESP"]
[SourceTitle "Ajedrez en Madrid"]
[Source "lmi"]
[SourceDate "2016.07.07"]

1. Nf3 d5 2. b3 Nf6 3. Bb2 Bf5 4. Nh4 Bg4 5. h3 Bh5 6. g4 Bg6 7. d3 e6 8. e3 c5
9. Nd2 Nc6 10. f4 d4 11. Ng2 dxe3 12. Nxe3 Bd6 13. Bg2 Bxf4 14. Bxc6+ bxc6 15.
Qf3 Qc7 16. O-O-O h5 17. Rdf1 e5 18. Ng2 Bg5 19. Qe2 O-O-O 20. Qxe5 Qxe5 21.
Bxe5 hxg4 22. hxg4 Nxg4 23. Bf4 Bxf4 24. Nxf4 Rxh1 25. Rxh1 Bf5 26. Nc4 g5 27.
Ne2 Be6 28. Nc3 Nf2 29. Rf1 Nh3 30. Ne5 Kc7 31. Ne4 f5 32. Nxc5 Bc8 33. Nf3 g4
34. Ng1 Nxg1 35. Rxg1 f4 36. Ne4 Bf5 37. Nd2 Be6 38. Kd1 Kd6 39. Ke2 Rh8 40.
Kf2 Ke5 41. Re1+ Kf5 42. Nf1 Rh3 43. d4 Bd5 0-1

[Event "36. Open Villa de Benasque 2016 "]
[Site "Benasque ESP"]
[Date "2016.07.16"]
[Round "10.10"]
[White "Cori, Jorge"]
[Black "Campora, Daniel H"]
[Result "1-0"]
[WhiteElo "2602"]
[BlackElo "2439"]
[PlyCount "143"]
[EventDate "2016.07.07"]
[EventType "swiss"]
[EventRounds "10"]
[EventCountry "ESP"]
[SourceTitle "Ajedrez en Madrid"]
[Source "lmi"]
[SourceDate "2016.07.07"]

1. d4 Nf6 2. c4 e6 3. Nf3 d5 4. g3 Be7 5. Bg2 O-O 6. O-O b6 7. Nc3 Bb7 8. cxd5
Nxd5 9. Qc2 Nd7 10. Nxd5 exd5 11. Bf4 c5 12. Rfd1 Nf6 13. dxc5 bxc5 14. Ng5 Qb6
15. Rd3 h6 16. Nf3 c4 17. Rdd1 Bc5 18. e3 Rfe8 19. Be5 Ne4 20. Bd4 Rab8 21. b3
cxb3 22. axb3 Rec8 23. Qb2 Bxd4 24. Nxd4 g6 25. Qa3 a6 26. Rdc1 Qf6 27. Qb2 h5
28. Bh3 Rxc1+ 29. Rxc1 Re8 30. Rc7 Re7 31. Rxe7 Qxe7 32. b4 Kh7 33. Bf1 h4 34.
f3 Ng5 35. Qc3 Qf6 36. Be2 hxg3 37. hxg3 Ne6 38. Kf2 Nxd4 39. exd4 Kg7 40. Qc5
Qd8 41. Qa7 Qc8 42. Qb6 Qa8 43. Bd3 Qc8 44. Ke2 Qd7 45. Kd2 Qe7 46. f4 Bc8 47.
Qb8 Qd7 48. Qe5+ f6 49. Qb8 Kf7 50. Qb6 Qe7 51. Qc5 Qd7 52. Be2 Bb7 53. Qb6 Qe7
54. Bg4 Kg7 55. Be6 f5 56. g4 fxg4 57. Bxg4 Kh6 58. Be2 Kg7 59. Bd3 Qf7 60. Kc3
Bc8 61. Qd6 Kh7 62. Kb3 Bf5 63. Bxa6 Qe8 64. Qc7+ Kg8 65. Qe5 Qc6 66. Qb8+ Kf7
67. Qb7+ Qxb7 68. Bxb7 Be4 69. b5 Ke7 70. b6 Kd6 71. Kb4 Bf3 72. Ka5 1-0